000 00335nam a2200133Ia 4500
008 241014s9999||||xx |||||||||||||| ||und||
020 _a0-8213-0821361791
100 _aJamison, T. Dean
245 0 _aDisease Control Priorities in Developing Countries
250 _a2nd
300 _a1401.00
650 _aDisease
942 _bSPH
_cBK
999 _c19367
_d19367